<?xml version="1.0" encoding="UTF-8"?>
<record
    xmlns:xsi="http://www.w3.org/2001/XMLSchema-instance"
    xsi:schemaLocation="http://www.loc.gov/MARC21/slim http://www.loc.gov/standards/marcxml/schema/MARC21slim.xsd"
    xmlns="http://www.loc.gov/MARC21/slim">

  <leader>01784    a2200217   4500</leader>
  <controlfield tag="001">58969</controlfield>
  <controlfield tag="005">20260407155844.0</controlfield>
  <controlfield tag="008">260407a1996    arg                 spa d</controlfield>
  <controlfield tag="003">AR-UNSa-BCEJYS</controlfield>
  <datafield tag="040" ind1=" " ind2=" ">
    <subfield code="a">AR-UNSa-BCEJYS</subfield>
    <subfield code="b">spa</subfield>
    <subfield code="c">AR-UNSa-BCEJYS</subfield>
  </datafield>
  <datafield tag="080" ind1=" " ind2=" ">
    <subfield code="a">339.92</subfield>
    <subfield code="x">Cooperaci&#xF3;n econ&#xF3;mica internacional. Integraci&#xF3;n econ&#xF3;mica internacional</subfield>
  </datafield>
  <datafield tag="245" ind1="1" ind2="0">
    <subfield code="a">Las relaciones econ&#xF3;micas entre Am&#xE9;rica Latina y la Uni&#xF3;n Europea</subfield>
    <subfield code="p">El papel de los servicios exteriores</subfield>
  </datafield>
  <datafield tag="020" ind1=" " ind2=" ">
    <subfield code="a">92-1-321438-3</subfield>
  </datafield>
  <datafield tag="264" ind1=" " ind2="1">
    <subfield code="a">Santiago de Chile :</subfield>
    <subfield code="b">CEPAL (Comisi&#xF3;n Econ&#xF3;mica para Am&#xE9;rica Latina y el Caribe)</subfield>
    <subfield code="c">1996</subfield>
  </datafield>
  <datafield tag="300" ind1=" " ind2=" ">
    <subfield code="a">396 p.</subfield>
    <subfield code="c">26 cm.</subfield>
  </datafield>
  <datafield tag="505" ind1=" " ind2=" ">
    <subfield code="a">1. El concepto de cooperaci&#xF3;n internacional como asistencia oficial para el desarrollo - 2. La oferta europea de cooperaci&#xF3;n internacional - 3. La demanda de cooperaci&#xF3;n internacional de Am&#xE9;rica Latina - 4. La inversi&#xF3;n extranjera directa y la transferencia de tecnolog&#xED;a entre Europa y Am&#xE9;rica Latina - 5. El desarrollo del comercio entre Am&#xE9;rica Latina y la Uni&#xF3;n Europea - 6. El papel de los servicios exteriores en la cooperaci&#xF3;n, las inversiones, la transferencia de tecnolog&#xED;a y el comercio internacional - 7. El papel de la cooperaci&#xF3;n en el sistema internacional - 8. Am&#xE9;rica Latina y la oferta europea de cooperaci&#xF3;n internacional - 9. La demanda de cooperaci&#xF3;n internacional para el desarrollo de Am&#xE9;rica Latina - 10. Inversi&#xF3;n extranjera directa en Am&#xE9;rica Latina: sus tendencias y aspectos institucionales - 11. La tranferencia tecnol&#xF3;gica entre Europa y Am&#xE9;rica Latina - 12. La pol&#xED;tica comercial de la Uni&#xF3;n Europea - 13. La promoci&#xF3;n de exportaciones de algunos pa&#xED;ses de Am&#xE9;rica Latina .</subfield>
  </datafield>
  <datafield tag="041" ind1=" " ind2=" ">
    <subfield code="a">spa</subfield>
  </datafield>
  <datafield tag="942" ind1=" " ind2=" ">
    <subfield code="c">BK</subfield>
  </datafield>
  <datafield tag="590" ind1=" " ind2=" ">
    <subfield code="a">niveau_biblio:m niveau_hierar:0</subfield>
  </datafield>
  <datafield tag="100" ind1="1" ind2=" ">
    <subfield code="a">Gana, Eduardo</subfield>
  </datafield>
  <datafield tag="999" ind1=" " ind2=" ">
    <subfield code="c">6534</subfield>
    <subfield code="d">6534</subfield>
  </datafield>
  <datafield tag="952" ind1=" " ind2=" ">
    <subfield code="0">0</subfield>
    <subfield code="1">0</subfield>
    <subfield code="4">0</subfield>
    <subfield code="7">0</subfield>
    <subfield code="a">BCEJYS</subfield>
    <subfield code="b">BCEJYS</subfield>
    <subfield code="c">16</subfield>
    <subfield code="d">2026-04-07</subfield>
    <subfield code="l">0</subfield>
    <subfield code="o">339.92 G195</subfield>
    <subfield code="p">L85632</subfield>
    <subfield code="r">2026-04-07 15:58:44</subfield>
    <subfield code="w">2026-04-07</subfield>
    <subfield code="y">L</subfield>
  </datafield>
</record>
